000 00813nam a2200253Ia 4500
003 OSt
005 20221005112830.0
006 a|||||r|||| 00| 0
007 ta
008 221004b |||||||| |||| 00| 0 pan d
020 _a8182990122 (hbk)
_c375
024 _a94669
037 _b72862, 31/12/2008, Arsee Publishers
_cTextual
040 _aCRL
_cCRL
_bpan
041 _2pan
_apan
082 _aO153,1N291:g, P5
100 _aਪ੍ਰਭਜੋਤ ਕੌਰ
245 0 _aਨੀਲ ਕੰਠ
260 _aਦਿੱਲੀ
_bਆਰਸੀ ਭਾਰਤ
_c2005
300 _a344ਪੰ
_ccm.
650 _aਪੰਜਾਬੀ ਸਾਹਿਤ
942 _hO153,1N291:g, P5
_cTEXL
_2cc
999 _c1026126
_d1026126